El sistema sanitario público en España y sus comunidades autónomas : (Record no. 183677)

MARC details
000 -LEADER
campo de control de longitud fija 01464nam a2200361 i 4500
001 - NÚMERO DE CONTROL
campo de control 183677
003 - IDENTIFICADOR DE NÚMERO DE CONTROL
campo de control ES-MaACL
005 - FECHA Y HORA DE LA ÚLTIMA TRANSACCIÓN
campo de control 20250902225554.0
008 - DATOS DE LONGITUD FIJA--INFORMACIÓN GENERAL
campo de control de longitud fija 140919s2013 sp d | |||||||| | spa d
020 ## - NÚMERO INTERNACIONAL ESTÁNDAR DEL LIBRO
Número Internacional Estándar del Libro 978-84-92937-45-5
080 ## - NÚMERO DE LA CLASIFICACIÓN DECIMAL UNIVERSAL
Número de la Clasificación Decimal Universal 336.531.2(460):364.69
080 ## - NÚMERO DE LA CLASIFICACIÓN DECIMAL UNIVERSAL
Número de la Clasificación Decimal Universal 364.69(460)
100 1# - ENTRADA PRINCIPAL--NOMBRE DE PERSONA
Nombre de persona Sánchez Martínez, Fernando Ignacio.
9 (RLIN) 155566
245 13 - MENCIÓN DEL TÍTULO
Título El sistema sanitario público en España y sus comunidades autónomas :
Resto del título sostenibilidad y reformas /
Mención de responsabilidad, etc. dirigido por José María Abellán Perpiñán ; Fernando I. Sánchez Martínez, Ildefonso Méndez Martínez, Jorge E. Martínez Pérez ; prólogo de Carmen Herrero Blanco.
250 ## - MENCION DE EDICION
Mención de edición 1ª ed.
260 ## - PUBLICACIÓN, DISTRIBUCIÓN, ETC.
Lugar de publicación, distribución, etc. Bilbao :
Nombre del editor, distribuidor, etc. Fundación BBVA,
Fecha de publicación, distribución, etc. 2013.
300 ## - DESCRIPCIÓN FÍSICA
Extensión 400 p. :
Otras características físicas gráf. ;
Dimensiones 24 cm.
500 ## - NOTA GENERAL
Nota general Índices.
504 ## - NOTA DE BIBLIOGRAFÍA, ETC.
Nota de bibliografía, etc. Bibliografía: p. 371-378.
650 #7 - PUNTO DE ACCESO ADICIONAL DE MATERIA--TÉRMINO DE MATERIA
Término de materia o nombre geográfico como elemento de entrada Gasto sanitario-
Subdivisión geográfica España.
9 (RLIN) 155567
650 07 - PUNTO DE ACCESO ADICIONAL DE MATERIA--TÉRMINO DE MATERIA
Término de materia o nombre geográfico como elemento de entrada Política sanitaria.
9 (RLIN) 16307
650 07 - PUNTO DE ACCESO ADICIONAL DE MATERIA--TÉRMINO DE MATERIA
Término de materia o nombre geográfico como elemento de entrada Asistencia sanitaria-
Subdivisión geográfica España.
9 (RLIN) 10373
700 1# - ENTRADA AGREGADA--NOMBRE PERSONAL
Nombre de persona Méndez Martínez, Ildefonso.
9 (RLIN) 155568
700 1# - ENTRADA AGREGADA--NOMBRE PERSONAL
Nombre de persona Martínez Pérez, Jorge E.
9 (RLIN) 155569
700 1# - ENTRADA AGREGADA--NOMBRE PERSONAL
Nombre de persona Abellán Perpiñán, José María
9 (RLIN) 151582
700 1# - ENTRADA AGREGADA--NOMBRE PERSONAL
Nombre de persona Abellán Perpiñán, José María
9 (RLIN) 151582
700 1# - ENTRADA AGREGADA--NOMBRE PERSONAL
Nombre de persona Herrero Blanco, Carmen.
9 (RLIN) 151583
710 2# - ENTRADA AGREGADA--NOMBRE DE ENTIDAD CORPORATIVA
Nombre de entidad corporativa o nombre de jurisdicción como elemento de entrada Fundación BBVA
9 (RLIN) 4230
852 ## - LOCALIZACIÓN
Ubicación ES-MaACL
Número de control de estantería A-13256
itemnumber 190623
Sublocalización o colección R.149930
Ubicación en estantería Depósito 1
Signatura antigua Olim: N-6256
942 ## - ELEMENTOS DE ENTRADA SECUNDARIOS (KOHA)
Fuente del sistema de clasificación o colocación Clasificación decimal universal
Tipo de ítem Koha Libro impreso
Holdings
Estatus retirado Estado de pérdida Fuente del sistema de clasificación o colocación Estado de daño No para préstamo Biblioteca de origen Biblioteca actual Ubicación en estantería Fecha de adquisición Fuente de adquisición Total de préstamos Signatura topográfica completa Código de barras Visto por última vez Precio de reemplazo Tipo de ítem Koha
    Clasificación decimal universal     Biblioteca del Ateneo de Madrid Biblioteca del Ateneo de Madrid Depósito 1 19/09/2014 Donación   A-13256 1193100 23/02/2023 23/02/2023 Libro impreso